|
|
|
|
| LEADER |
00000nam0a2200000 4500 |
| 001 |
149987 |
| 005 |
20231031150054.0 |
| 035 |
|
|
|a (RuTPU)RU\TPU\book\162598
|
| 090 |
|
|
|a 149987
|
| 100 |
|
|
|a 20081224d2008 k y0rusy50 ca
|
| 101 |
0 |
|
|a rus
|
| 102 |
|
|
|a RU
|
| 105 |
|
|
|a a dm 001zy
|
| 200 |
1 |
|
|a Локально-неравновесное описание массопереноса в металлических системах при воздействии концентрированными потоками энергии
|e автореферат диссертации на соискание ученой степени кандидата физико-математических наук
|e спец. 01.04.07
|f Е. А. Сидорова
|g Омский государственный университет им. Ф. М. Достоевского (ОмГУ), Кафедра физического материаловедения ; науч. рук. Г. А. Вершинин
|
| 210 |
|
|
|a Омск
|c [Б. и.]
|d 2008
|
| 215 |
|
|
|a 22 с.
|c ил.
|
| 300 |
|
|
|a Защита сост. 27.11.2008 г.
|
| 320 |
|
|
|a Библиогр.: с. 19-22 (44 назв.).
|
| 610 |
1 |
|
|a материалы
|
| 610 |
1 |
|
|a покрытия
|
| 610 |
1 |
|
|a модифицирование
|
| 610 |
1 |
|
|a металлические системы
|
| 610 |
1 |
|
|a КПЭ
|
| 610 |
1 |
|
|a концентрированные потоки энергии
|
| 610 |
1 |
|
|a воздействие
|
| 610 |
1 |
|
|a перенос
|
| 610 |
1 |
|
|a уравнения переноса
|
| 610 |
1 |
|
|a термодинамика
|
| 610 |
1 |
|
|a диффузия
|
| 610 |
1 |
|
|a локально-неравновесные уравнения
|
| 610 |
1 |
|
|a бинарные сплавы
|
| 610 |
1 |
|
|a высокоскоростная перекристаллизация
|
| 610 |
1 |
|
|a пространственно-временная нелокальность
|
| 610 |
1 |
|
|a авторефераты диссертаций
|
| 675 |
|
|
|a 621.7.047/.048(04)
|v 3
|
| 686 |
|
|
|a 01.04.07
|2 oksvnk
|
| 700 |
|
1 |
|a Сидорова
|b Е. А.
|g Евгения Анатольевна
|
| 702 |
|
1 |
|a Вершинин
|b Г. А.
|g Георгий Анатольевич
|4 727
|
| 712 |
0 |
2 |
|a Омский государственный университет им. Ф. М. Достоевского (ОмГУ)
|b Кафедра физического материаловедения
|2 stltpush
|3 (RuTPU)RU\TPU\col\403
|
| 801 |
|
1 |
|a RU
|b 63413507
|c 20081224
|g PSBO
|
| 801 |
|
2 |
|a RU
|b 63413507
|c 20090112
|g PSBO
|
| 942 |
|
|
|c BK
|